00437pam a2200145 a 4500020001100000040002500011041001300036082001600049100002900065245010200094260003900196300001300235365001100248653003200259 c995.00 aMedical College Libr aENGhENG a616.89bSAY aSayette , Michael A. . aInsider`s Guide to Graduate Programs in Clinical and Counseling Psychoogy / chTextual Documents a : bThe Guilford Press , c1998. a226 ; c a995.00 aPsychiatryaMedical Science